Lana Del Rey - National Anthem Lyrics - Statistics

General Stats
  • This quiz has been taken 285 times
  • The average score is 378 of 491
Answer Stats
Answer % Correct
a
98%
I
98%
the
98%
you
98%
anthem
97%
is
96%
national
96%
your
96%
I'm
95%
me
95%
Money
92%
So
92%
so
92%
of
91%
we
91%
He
89%
success
89%
be
88%
go
88%
in
88%
to
88%
hand
86%
and
85%
And
85%
hands
85%
Tell
85%
tell
85%
what
85%
you're
84%
on
83%
on?"
83%
On
83%
do
82%
for
82%
For
82%
handsome
82%
it
82%
out
82%
Take
82%
take
82%
baby
81%
know
81%
what's
81%
address?
80%
blue
80%
Red
80%
sky
80%
white
80%
before
79%
God
79%
Kiss
78%
kiss
78%
eyes
77%
party
77%
"Can
76%
can
76%
cool
76%
it's
76%
It's
76%
reason
76%
said
76%
air
75%
but
75%
love
75%
my
75%
say
75%
don't
73%
exist
73%
fact
72%
heaven's
72%
put
72%
Summer's
72%
who
72%
down
70%
Everybody
70%
body
69%
Hold
69%
hold
69%
how
69%
knows
69%
off
69%
says
67%
standin'
67%
"Yes"
67%
(Yes
67%
yes)
67%
("Yes
67%
am
65%
keep
65%
Keep
65%
back
64%
coolest
64%
over
64%
real
64%
can't
63%
already
62%
dress
62%
neck
62%
new
62%
get
61%
later
61%
pants
61%
age
60%
like
60%
or
60%
story
60%
up
60%
with?
60%
Boy
59%
buy
59%
diamonds?
59%
downtown)
59%
mascara
59%
sing
59%
yet
59%
loves
58%
Hamptons
57%
dealing
56%
lots
56%
romance
56%
while
56%
will
56%
hair
55%
Reckless
55%
think
55%
now)
54%
now
54%
Wind
54%
page
53%
See
51%
need
50%
somebody
50%
very
50%
well
50%
abandon
49%
Bugatti
49%
making
49%
you'll
49%
'em
47%
fake
47%
Give
47%
ovation
47%
between
46%
drinking
46%
driving
46%
his
46%
overdose
46%
python
46%
you've
45%
dying
44%
Queen
44%
sixth
44%
buying
43%
done
43%
safe
43%
standing
43%
wow
43%
rampage
42%
ransom
42%
(Sugar
42%
sugar
42%
Blurring
41%
course
41%
lines
41%
Dark
40%
dining
40%
lonely
40%
our
40%
quick
40%
Wining
40%
sick
39%
drugs
38%
Holdin'
38%
upper
38%
Excessive
37%
have
37%
Saigon
37%
King
36%
land
36%
Veyron
36%
Chevron?
35%
rage
35%
Sweetness
34%
Um
34%
We're
34%
dreams
33%
echelon
33%
landed
31%
bow
30%
(Booyah
27%
danger
27%
darling")
27%
hotel
27%
Babe
26%
belltower
22%
No matching quizzes found
Score Distribution
Percent of People with Each Score
Percentile by Number Answered
Your Score History
You have not taken this quiz